| 000 | 00458nam a22001697a 4500 | ||
|---|---|---|---|
| 003 | CEME | ||
| 005 | 20210628203844.0 | ||
| 008 | 210305b xxu||||| |||| 00| 0 eng d | ||
| 020 | _a0-471-95636-8 | ||
| 040 | _c. | ||
| 082 | _a511.322 BAN'F | ||
| 100 |
_aBandemer, Hans , Gottwold, Siegfried _967590 |
||
| 245 | _aFuzzy sets, fuzzy logic, fuzzy methods , with applications | ||
| 260 |
_aNEWYORK _bJOHN WILEY _c1995 |
||
| 300 | _aX,239P | ||
| 942 |
_cBK _2ddc |
||
| 999 |
_c575327 _d575327 |
||